U Slovac'ko-ukrajins'komu kuľturnomu ta informacijnomu centri ...

Bibliographic Details
Format: Article
Language:Ukrainian
PhysicalDescription:Fotografie
Subjects:
Online Access:https://arts.in.ua/artists/TarasKorzh/

MARC

LEADER 00000nab a2200000 4500
001 vtls011829272
003 SK-MaSNL
005 20260318115030.0
008 181211c2018 xo zr|p || ||00 c0ukr
015 |a SNBRB2018/12 
038 |a SVKPOCL 
040 |a SVKPOCL  |b slo  |c SVKPOCL  |e rda 
041 0 |a ukr 
043 |a e-un---  |a e-xo--- 
044 |a xo  |c SK 
072 7 |a 75  |x Maliarstvo  |2 konspekt 
080 |a 75/76(477)-071.1:069.9  |2 2011 
080 |a 069.9(437.671-2)  |2 2011 
080 |a 7.07(477)  |2 2011 
080 |a (477)  |2 2011 
080 |a 929 Korž, Taras  |2 2011 
245 0 0 |a U Slovac'ko-ukrajins'komu kuľturnomu ta informacijnomu centri ... 
300 |b Fotografie 
336 |a text  |b txt  |2 rdacontent 
337 |a bez média  |b n  |2 rdamedia 
338 |a zväzok  |b nc  |2 rdacarrier 
500 |a V rubrike Z poštovoji skryňky 
500 |a Korž, Taras pozri Korž,Taras Bohdanovyč 
500 |a Slovac'ko-ukrajins'kyj informacijnyj centr pozri Slovensko-ukrajinské informačné centrum 
500 |a Doplňujúce údaje sú prevzaté z arts.in.ua 
600 1 7 |a Korž, Taras Bohdanovyč,  |d 1989-  |2 svkpocl  |9 1602731 
610 2 7 |a Slovensko-ukrajinské informačné centrum (Prešov, Slovensko)  |2 svkpocl  |9 1235754 
648 7 |a 2018  |2 svkpocl  |9 351415 
650 0 7 |a výtvarníci  |2 SNKPH  |9 118705 
650 0 7 |a maliari  |2 SNKPH  |9 3150 
650 0 7 |a umelecká tvorba  |2 SNKPH  |9 2852 
650 0 7 |a ukrajinské výtvarné umenie  |2 SNKPH  |9 76052 
650 0 7 |a výstavy  |2 SNKPH  |9 2780 
650 0 7 |a osobnosti  |2 SNKPH  |9 29820 
651 7 |a Prešov (Slovensko)  |2 SNKPHgeo  |9 17347 
651 7 |a Ukrajina  |2 SNKPH  |9 168045 
651 7 |a Slovensko  |2 SNKPH  |9 14231 
773 0 |t Veselka  |g Roč. 66, č. 2 (2018/2019), s. [7] 
852 |a SVKPO  |b KIS3GCP 
856 4 2 |u https://arts.in.ua/artists/TarasKorzh/ 
958 |a UA 
958 |a BC 
958 |a SS 
958 |a UK 
958 |a SK 
999 |c 3300813  |d 3302743